TOP 20 ITALIAN RAP (IG) - Statistiques

Statistiques générales
  • Ce quiz a été pris 68 fois
  • Le résultat moyen est 8 sur 20
Statistiques - réponses
Hint Réponse % Correct
4.9M Sfera Ebbasta
85%
2.9M Baby Gang
75%
2.4M Capo Plaza
65%
2.1M Shiva
60%
2.3M Marracash
53%
1.8M Rondodasosa
51%
3.6M Ghali
49%
2.4M Lazza
49%
2.4M Anna
45%
3.1M Geolier
45%
2.7M Guè Pequeno
44%
3.2M Tony Effe
40%
13.6M Fedez
35%
2.6M Salmo
31%
1.4M Tedua
27%
1.5M Luche
25%
1.5M Gemitaiz
15%
1.9M Blanco
11%
2.1M Achille Lauro
5%
1.5M Rocco Hunt
5%
Aucun quiz correspondant
Distribution des résultats
% des personnes avec chaque résultat
Percentile par nombre de réponses
Votre historique - résultats
Vous n’avez pas pris ce quiz